Dopasuj rzekę do miasta. - Statystyki

Ogólne statystyki
  • Ten quiz został rozwiązany 26 razy
  • Średni wynik to 15 z 20
Statystyki odpowiedzi
Miasto Rzeka % Poprawnych
Kair Nil
100%
Wrocław Odra
100%
Londyn Tamiza
100%
Poznań Warta
100%
Warszawa Wisła
100%
Budapeszt Dunaj
96%
Kolonia Ren
96%
Kijów Dniepr
92%
Szanghaj Jangcy
88%
Ostrołęka Narew
83%
Kazań Wołga
83%
Kinszasa Kongo
75%
St. Louis Mississippi
71%
Praga Wełtawa
71%
Rzeszów Wisłok
67%
Nowy Jork Hudson
50%
Tyraspol Dniestr
46%
Patna Ganges
29%
Austin Kolorado
25%
Tokio Arakawa
4%
Nie znaleziono quizów pasujących do podanych kryteriów
Rozkład punktacji
Procent ludzi z każdym wynikiem
Percentyl według liczby udzielonych odpowiedzi
Twoja historia wyników
Nie rozwiązałeś tego quizu